000
00248nam a2200097Ia 4500
001
760579
005
20250826165151.0
008
250824s9999 xx 000 0 und d
245
0
_a
KÜÇÜK PRENS
_c
ANTOINE DE SAINT-EXUPERY
260
_b
PANAMA YAYINLARI
999
_c
760579
_d
760579